Quiz 1 for C3 SW Test (RPMS) - Statistics

General Stats
  • This quiz has been taken 25 times
    17 since last reset
  • The average score is 6 of 12
Answer Stats
Hint Answer % Correct
First wave - Immigrant Group English | African Americans | Western Europeans | Dutch
86%
Second wave - Another Immigrant Group German | Irish | Chinese | Norwegian | Swedish
71%
Second wave - Immigrant Group Irish | Chinese | German | Norwegian | Swedish
71%
Second wave - Another Immigrant Group Chinese | German | Irish | Norwegian | Swedish
57%
First wave - Another Immigrant Group African Americans | English | Western Europeans | Dutch
43%
Third wave - Another Immigrant Group Russian | Southern Europeans | Eastern Europeans
43%
First wave - Another Immigrant Group Western Europeans | English | African Americans | Dutch
43%
Fourth wave - Another Immigrant Group Cuba | Mexico | Southeast Asia
29%
Third wave - Immigrant Group Eastern Europeans | Southern Europeans | Russian
29%
Fourth wave - Immigrant Group Mexico | Southeast Asia | Cuba
29%
Fourth wave - Another Immigrant Group Southeast Asia | Mexico | Cuba
29%
Third wave - Another Immigrant Group Southern Europeans | Eastern Europeans | Russian
29%
No matching quizzes found
Score Distribution
Percent of People with Each Score
Percentile by Number Answered
Your Score History
You have not taken this quiz since the last reset